000 00306nam a2200133Ia 4500
005 20251222141919.0
008 251222s9999||||xx |||||||||||||| ||spa||
020 _a950-892-191-2
082 _a371.5/M19
100 _aMaldonado, Horacio
245 0 _aConvivencia Escolar:
264 _bLugar
942 _cLIB
999 _c8648
_d8648